00493nam a2200157Ia 4500001002200000003000900022008004100031040002300072041001300095100001800108245002000126250001500146260003100161300001900192501012400211843-BUT mi mo (12134)IT-MiSPE171229s9999||||xx |||||||||||||| ||und|| aIT-MiSPEcIT-MiSPE aFRANCESE aMichel Butor  0aLa modification a1a ed. (v) aParisbEd. de Minuitc1957 a236 p. c23 cm aEdizioni San Paolo srl - Piazza Soncino, 5 - 20092 CINISELLO BALSAMO (MI) (non commercial uses only) ® Copyright 2018